[Event "International Championship of Central S"]
[Site "Paracin"]
[Date "2014.07.05"]
[Round "3.27"]
[White "Rasic, Jovan"]
[Black "Velikic, Vule"]
[Result "1-0"]
[WhiteElo "2072"]
[BlackElo "1784"]
[PlyCount "41"]
[EventDate "2014.07.04"]

1. e4 e6 2. d4 d5 3. e5 c5 4. c3 Nc6 5. Nf3 Qb6 6. Bd3 cxd4 7. cxd4 Nh6 8. Nc3
Nf5 9. Bxf5 exf5 10. Nxd5 Qa5+ 11. Nc3 Bb4 12. O-O Bxc3 13. bxc3 Qxc3 14. Be3
O-O 15. Rc1 Qa5 16. d5 Rd8 17. Rc5 Qxa2 18. dxc6 Rxd1 19. Rxd1 Be6 20. cxb7 Rb8
21. Rc8+ 1-0

[Event "International Championship of Central S"]
[Site "Paracin"]
[Date "2014.07.05"]
[Round "3.28"]
[White "Djuretanovic, Ivan"]
[Black "Simic, Petar S"]
[Result "1-0"]
[WhiteElo "2064"]
[BlackElo "1770"]
[PlyCount "73"]
[EventDate "2014.07.04"]

1. e4 c5 2. Nf3 d6 3. c3 Nf6 4. Be2 Nc6 5. d4 cxd4 6. cxd4 e6 7. d5 Ne5 8. Nc3
a6 9. O-O Be7 10. Nd4 exd5 11. exd5 O-O 12. f4 Ng6 13. h4 Nxh4 14. f5 g6 15.
Bg5 Nxd5 16. f6 Bxf6 17. Rxf6 Nxf6 18. Bxh4 h6 19. Nd5 g5 20. Nxf6+ Qxf6 21.
Bf2 Bd7 22. Bf3 Bc6 23. Bxc6 bxc6 24. Nxc6 Rfe8 25. Bd4 Qe6 26. Qf3 f5 27. Rf1
f4 28. Bf2 Kh7 29. Re1 Qg6 30. Re7+ Rxe7 31. Nxe7 Qb1+ 32. Kh2 Re8 33. Qb7 Qxa2
34. Bd4 Qe6 35. Ng8+ Kg6 36. Qg7+ Kf5 37. Qh7+ 1-0

[Event "International Championship of Central S"]
[Site "Paracin"]
[Date "2014.07.05"]
[Round "3.29"]
[White "Milutinovic, Stefana"]
[Black "Tuovic, Milos"]
[Result "1-0"]
[WhiteElo "2055"]
[BlackElo "1750"]
[PlyCount "59"]
[EventDate "2014.07.04"]

1. Nf3 d5 2. d4 Nf6 3. c4 e6 4. Nc3 Bb4 5. Qa4+ Nc6 6. e3 Bd7 7. Qc2 Bxc3+ 8.
bxc3 O-O 9. cxd5 exd5 10. Bd3 h6 11. O-O Re8 12. Rb1 Rb8 13. Ba3 a6 14. Nd2 b5
15. Nb3 Be6 16. Nc5 Bc8 17. f3 Na5 18. Rbe1 Nc4 19. Bc1 Nd7 20. Ne6 fxe6 21. e4
Ndb6 22. e5 c5 23. Qf2 cxd4 24. cxd4 Rb7 25. Qg3 Kf8 26. f4 Ree7 27. Bg6 Rf7
28. Bxf7 Rxf7 29. Qd3 Ke7 30. g4 1-0